Le plus grande ville commençant par F dans ce pays - Statistiques

Statistiques générales
  • Ce quiz a été pris 282 fois
  • Le résultat moyen est 5 sur 15
Statistiques - réponses
Pays F-ville % Correct
Allemagne Francfort
89%
Italie Florence
76%
Maroc Fès
72%
Sierra Leone Freetown
65%
Tuvalu Funafuti
45%
Brésil Fortaleza
38%
Japon Fukuoka
31%
Pakistan Faisalabad
28%
France Fort-de-France
28%
Portugal Funchal
23%
États-Unis Fort Worth
21%
Chine Fuzhou
13%
Suède Falun
8%
Argentine Formosa
6%
Danemark Fredericia
6%
Aucun quiz correspondant
Distribution des résultats
% des personnes avec chaque résultat
Percentile par nombre de réponses
Votre historique - résultats
Vous n’avez pas pris ce quiz